00737nam a2200241 a 4500001001300000003000900013005001700022008004100039020002300080082001900103100001800122245006300140260004400203300000900247500003500256505001000291650002600301700001800327902000800345942000700353952012000360999001500480nice12345678IN_TiNIC20260116012720.0050524s1988 lona grp 000 0 eng  a0192421 c10000a305.80954bWEI aWeiner, Myron aSons of the Soilb Migration and Ethnic Conflict in India. aLondan bOxford University Press c1988 a385p aincludes index and biblioraphy2 aIndex aEthnic Conflict-India1 aWeiner, Myron bSRS cBK 001040708StackRoom-aHMIbHMId2007-03-29g100.00l0o305.80954 WEIp013256r2019-09-03v100.00w2005-05-24yBK c8071d8071